000 00500nam a2200181 i 4500
001 bg
100 1 _aGAZEWSKI, Tadeusz
245 0 _aJak zachować minimalne zużycie paliwa /
_cTadeusz Gazewski.
260 _aWarszawa :
_bWydaw-a Komunikacji i Łączności,
_c1990.
300 _a139, [3] s. :
_bfot., rys., tab. ;
_c23 cm.
020 _a8320607876
040 _cBPK
041 _apol
080 _a621.43
920 _a83-206-0787-6
942 _cKS
008 s pl f |000 0 pol
999 _c4117
_d4117
856 _uhttp://koha.tu.koszalin.pl/cgi-bin/koha/opac-detail.pl?biblionumber=4117
_yKatalog online BPK